| 000 | 00869nam a22002297a 4500 | ||
|---|---|---|---|
| 999 |
_c7019 _d7019 |
||
| 003 | AR-CdUCM | ||
| 008 | 190319b ||||| |||| 00| 0 spa d | ||
| 020 | _a84-283-0977-9 | ||
| 040 |
_aMUNICIPALIDAD PROVINCIAL DEL CUSCO _cBIBLIOTECA MUNICIPAL DEL CUSCO |
||
| 082 |
_a517.47 / _bS61 |
||
| 100 |
_aSmirnov, N.V. _919784 |
||
| 245 | _aCálculo de probabilidades y estadística matemática / | ||
| 260 |
_aMadrid : _bParaninfo, _c1979. |
||
| 300 |
_a578 paginas ; _c21 cm. |
||
| 505 | _aContenido :Razón frecuencial y probabilidad -- Probabilidad condicional -- Composición de los experimentos -- Magnitudes aleatorias -- Ley normal de distribución ... | ||
| 650 |
_aProbabilidades _916891 |
||
| 650 |
_aEstadística matemática _98337 |
||
| 700 |
_aDunin-Barkovski, I _919785 |
||
| 700 |
_aRusler, Raul (traductor) _919786 |
||
| 942 |
_2ddc _cLIBROS |
||
| 945 | _arum | ||